| 000 | 00647nam a22001817a 4500 | ||
|---|---|---|---|
| 999 |
_c61786 _d61786 |
||
| 005 | 20240513102517.0 | ||
| 008 | 240513s2006 enk||||| |||| 00| 0 eng d | ||
| 020 | _a9780824740962x | ||
| 041 | _aeng | ||
| 080 | _a615.849 S-56 | ||
| 100 |
_aShung, K. Kirk. _922054 |
||
| 245 |
_aDiagnostic Ultrasound: _bImaging and Blood Flow Measurements / _cK. Kirk Shung. |
||
| 264 |
_aBoca Raton: _bTaylor And Francis, _c2006. |
||
| 300 |
_a215 p.: _bill.; _c24 cm. |
||
| 653 | _aდიაგნოსტიკური ულტრაბგერითი გამოკვლევა | ||
| 653 | _aმედიცინა | ||
| 942 |
_2udc _cᲬᲘᲒᲜᲘ |
||